Metodický rozbor témy Účtovanie inventarizačných rozdielov zásob

Metodický rozbor témy Účtovanie inventarizačných rozdielov zásob, v ktorej je spracované nielen samotné účtovanie inventarizačných rozdielov zásob spôsobom A a B, ale aj daňový pohľad na inventarizačné rozdiely. Názorné pedagogické schémy a riešený cvičný príklad. Možnosti uplatnenia didaktických zá...

Descrizione completa

Salvato in:
Dettagli Bibliografici
Autore principale: Dóczyová, Jana
Natura: Capitolo di libro
Lingua:slovacco
Soggetti:
Tags: Aggiungi Tag
Nessun Tag, puoi essere il primo ad aggiungerne!!

MARC

LEADER 00000nla$a2200000$$$4500
001 0073551
005 20231215104138.2
041 0 |a slo 
044 |a SK 
245 1 0 |a Metodický rozbor témy Účtovanie inventarizačných rozdielov zásob  |c Jana Dóczyová 
520 |a Metodický rozbor témy Účtovanie inventarizačných rozdielov zásob, v ktorej je spracované nielen samotné účtovanie inventarizačných rozdielov zásob spôsobom A a B, ale aj daňový pohľad na inventarizačné rozdiely. Názorné pedagogické schémy a riešený cvičný príklad. Možnosti uplatnenia didaktických zásad, rôzne metódy, prostriedky a formy vyučovania. Objasnenie základných pojmov súvisiacich s inventúrou, inventarizáciou a inventarizačnými rozdielmi zásob, účtovanie inventarizačných rozdielov zásob, manká a škody v zásobách z pohľadu zákona o dani z príjmu a ich vplyvu na základ dane z príjmu. 
610 2 0 |a výchova 
610 2 0 |a vzdelávanie 
610 2 0 |a účtovníctvo 
610 2 0 |a zásoby 
610 2 0 |a inventúra 
610 2 0 |a manká 
100 1 |a Dóczyová, Jana